Levels of ascorbic acid in disturbed glycoregulation

Podrobná bibliografia
Hlavní autori: Chorváthová, Viera (Autor), Ginter, Emil, 1931- (Autor)
Médium: Článok
Jazyk:angličtina
Fyzický popis:Obr. 3. Tb. 2. Res. slov., rus., lit. 29 zázn. v angl.
Predmet:

MARC

LEADER 00000nab a2200000 a 4500
001 vtls000369576
003 SK-MaSNL
005 20260304175309.0
008 230213c1989 xo 0 eng
015 |a SNBRB19rr/mm-uuuuu 
035 |a CL0369698 
035 |a urn:nbn:sk:snk-abbk12 
035 |a (urnnbn)urn:nbn:sk:snk:ar-0019iu 
035 |a (uuid)ba4dcef1-ec57-4b3a-85c0-1596fd1394ca 
040 |a SNKBUCL  |b slo  |c SNKBUCL  |e AACR2 
041 0 |a eng 
044 |a xo  |c SK 
080 |a 616.379-008.64:612.015.6  |2 1981 
080 |a 612.015.6  |2 1981 
100 1 |a Chorváthová, Viera  |4 aut  |9 520074 
245 1 0 |a Levels of ascorbic acid in disturbed glycoregulation  |c Viera Chorváthová, Emil Ginter 
300 |b Obr. 3. Tb. 2. Res. slov., rus., lit. 29 zázn. v angl. 
650 0 7 |a diabetes mellitus  |2 snkbucl  |9 72741 
650 0 7 |a vitamín C  |2 snkbucl  |9 13957 
655 7 |a články z novín a časopisov  |2 snkbucl  |9 267496 
700 1 |a Ginter, Emil,  |d 1931-  |4 aut  |9 110418 
773 0 |t Biológia  |g Roč. 44, č. 7 (1989), s. 671-678 
850 |a Slovenská národná knižnica v Martine  |a MTA001 
852 |a SNK  |b KIS3GCP 
954 |a odborná, vedecká literatúra pôvodná (slovenská)  |2 lita 
958 |a NB 
958 |a RK 
958 |a MI 
958 |a OND 
958 |a EUIPO 
958 |a article15 
992 |a RBX 
999 |c 3012920  |d 3014850